000 00673nam a2200253Ia 4500
003 OSt
005 20250726171516.0
008 210423s2002 xx 000 0 und d
020 _a8173915156
040 _cAL
041 _aEnglish
082 _a307.762
_bMETP
100 _aMehta G S
_9113815
245 _aParticipation of women in the panchayati raj system
250 _a1
260 _aNew Delhi
_bKanishka Publishers Distributors
_c2002
300 _avi,32
365 _b450
_cINR
440 _v1
650 _aSociology
_9113816
650 _aUrban Communities
_9113817
906 _apanchayati ; Participation ; raj ; system ; women
942 _2ddc
_cBK
999 _c173191
_d173191